00897nam a2200205 a 450000100100000000500170001000800410002702000150006804000250008324501800010826000430028830000350033149000130036650400730037970000370045271000600048983000200054995201050056999900170067400004193020201002035834.0131023s2005 sp ab 000 0 spa d a8400083768 aDO-SdBNPbspacBNPHU00aProyecto de Cooperación Científica :bdesarrollo metodológico y aplicaciones integral del pratrimonio arqueológico en Uruguay /ccoordinadora Camila Gianotti García. aSantiago de Compostela :bCSIC,c2005. a156 p. :bil., mapas ;c32 cm.1 aTapav36 aIncluye referencias bibliográficas y notas al pie de las páginas1 aGianotti García, Camila9688352 aConsejo Superior de Investigaciones Científicas94786 0aTapav36968836 001050718MOaGRbGRcCTd2013-10-23iLF1l0o p41930-10r2020-06-25w2020-06-25y1ZNo se presta c41419d41419